<?xml version="1.0" encoding="UTF-8"?><?xml-stylesheet type="text/xsl" href="static/style.xsl"?><OAI-PMH xmlns="http://www.openarchives.org/OAI/2.0/" xmlns:xsi="http://www.w3.org/2001/XMLSchema-instance" xsi:schemaLocation="http://www.openarchives.org/OAI/2.0/ http://www.openarchives.org/OAI/2.0/OAI-PMH.xsd"><responseDate>2026-06-05T16:15:58Z</responseDate><request verb="GetRecord" identifier="oai:riuma.uma.es:10630/20961" metadataPrefix="marc">https://riuma.uma.es/rest/oai/request</request><GetRecord><record><header><identifier>oai:riuma.uma.es:10630/20961</identifier><datestamp>2026-02-03T12:38:31Z</datestamp><setSpec>com_10630_2254</setSpec><setSpec>col_10630_37957</setSpec></header><metadata><record xmlns="http://www.loc.gov/MARC21/slim" xmlns:dcterms="http://purl.org/dc/terms/" xmlns:doc="http://www.lyncode.com/xoai" xmlns:xsi="http://www.w3.org/2001/XMLSchema-instance" xsi:schemaLocation="http://www.loc.gov/MARC21/slim http://www.loc.gov/standards/marcxml/schema/MARC21slim.xsd">
   <leader>00925njm 22002777a 4500</leader>
   <datafield ind2=" " ind1=" " tag="042">
      <subfield code="a">dc</subfield>
   </datafield>
   <datafield ind2=" " ind1=" " tag="720">
      <subfield code="a">Triviño-Cabrera, Laura</subfield>
      <subfield code="e">author</subfield>
   </datafield>
   <datafield ind2=" " ind1=" " tag="260">
      <subfield code="c">2021-02-11</subfield>
   </datafield>
   <datafield ind2=" " ind1=" " tag="520">
      <subfield code="a">Bajo el título “Literacidad Crítica Feminista para la Educación Ciudadana. El videoclip Formation de&#xd;
Beyoncé en la formación inicial del profesorado de Ciencias Sociales”, presentamos una tesis doctoral que indaga las posibilidades educativas de un videoclip mainstream como es “Formation” (2016) de la artista Beyoncé para la formación feminista interseccional del futuro profesorado de Ciencias Sociales que promueva una ciudadanía crítica, creativa y feminista que se erija como principal agente del cambio social. Se presenta una investigación cualitativa, basada en la investigación-acción en un grupo de estudiantes del Máster Universitario de Formación del&#xd;
Profesorado en Educación Secundaria y Bachillerato, en la especialidad de Ciencias Sociales de la Universidad de Málaga.&#xd;
Los resultados de dicha investigación han llevado al planteamiento de una teoría que ha sido acuñada bajo el término “Literacidad Crítica Feminista”, procedente de los estudios sobre Literacidad Crítica y su enfoque desde la Didáctica de las Ciencias Sociales; así como de la Crítica Feminista y su perspectiva humanística.&#xd;
Mediante este proceso de literacidad crítica feminista se profundiza en las diferentes identidades acaecidas en el texto mainstream, procediendo a una escucha hermenéutica que interprete críticamente dicho texto, para posteriormente pasar a una escritura deconstructiva que produzca un texto propio que se convierta en un recurso educativo del profesorado en formación de Ciencias Sociales.</subfield>
   </datafield>
   <datafield ind1="8" ind2=" " tag="024">
      <subfield code="a">https://hdl.handle.net/10630/20961</subfield>
   </datafield>
   <datafield tag="653" ind2=" " ind1=" ">
      <subfield code="a">Didáctica - Tesis doctorales</subfield>
   </datafield>
   <datafield tag="653" ind2=" " ind1=" ">
      <subfield code="a">Enseñanza audiovisual - Tesis doctorales</subfield>
   </datafield>
   <datafield tag="653" ind2=" " ind1=" ">
      <subfield code="a">Ciencias sociales - Estudio y enseñanza - Tesis doctorales</subfield>
   </datafield>
   <datafield ind2="0" ind1="0" tag="245">
      <subfield code="a">Literacidad crítica feminista para la educación ciudadana. El videoclip "Formation" de Beyoncé en la formación inicial del profesorado de Ciencias Sociales</subfield>
   </datafield>
</record>
</metadata></record></GetRecord></OAI-PMH>